000 00450nam a22001817a 4500
003 MPLRDC
005 20220104124615.0
008 210129b ||||| |||| 00| 0 eng d
020 _a967-84-0121-5
082 _a859.6 JYGS v.6
100 _a洪全编写; 克宾绘图
245 _a小猫学本领
_c
260 _a
_b大传出版有限公司
_c1987
300 _b
490 _a教育故事丛书
650 _a
942 _cBK
_o859.6 JYGS v.6
999 _c20686
_d20676